[Event "Landesliga Sued 1718"]
[Site "Bayern"]
[Date "2018.03.18"]
[Round "8.6"]
[White "Grawe, Christian"]
[Black "Broschwitz, Martin"]
[Result "1-0"]
[WhiteElo "2214"]
[BlackElo "2029"]
[PlyCount "77"]
[EventDate "2017.10.22"]
[EventType "team-tourn"]
[EventRounds "9"]
[EventCountry "GER"]
[SourceTitle "EXT 2022"]
[Source "ChessBase"]
[SourceDate "2021.10.06"]
[SourceVersion "1"]
[SourceVersionDate "2021.10.06"]
[SourceQuality "1"]
[WhiteTeam "Groebenzell"]
[BlackTeam "Unterhaching"]
[WhiteTeamCountry "GER"]
[BlackTeamCountry "GER"]

1. e4 c6 2. d4 d5 3. Nd2 dxe4 4. Nxe4 Bf5 5. Ng3 Bg6 6. Nf3 Nd7 7. h4 h6 8. h5 Bh7 9. Bd3 Bxd3 10. Qxd3 e6 11. Bd2 Ngf6 12. 0-0-0 Qc7 13. Ne4 Nxe4 14. Qxe4 Nf6 15. Qe2 0-0-0 16. g3 Bd6 17. c4 c5 18. Bc3 cxd4 19. Nxd4 a6 20. Kb1 Kb8 21. Rc1 Bc5 22. Nb3 Qc6 23. Rh4 Be7 24. c5 Qd5 25. Be5+ Ka7 26. c6 bxc6 27. Rd4 Qb5 28. Qxb5 axb5 29. Rxc6 Rc8 30. Na5 Nd5 31. Bxg7 Rhg8 32. Bxh6 Bf6 33. Rxd5 Rxc6 34. Nxc6+ Kb6 35. Be3+ Kxc6 36. Rc5+ Kd6 37. Rxb5 e5 38. Rb6+ Ke7 39. Bc5+ 1-0

[Event "Landesliga Sued 1718"]
[Site "Bayern"]
[Date "2017.12.10"]
[Round "4.7"]
[White "Broschwitz, Martin"]
[Black "Rampp, Gerhard"]
[Result "1/2-1/2"]
[WhiteElo "2029"]
[BlackElo "2050"]
[PlyCount "42"]
[EventDate "2017.10.22"]
[EventType "team-tourn"]
[EventRounds "9"]
[EventCountry "GER"]
[SourceTitle "EXT 2022"]
[Source "ChessBase"]
[SourceDate "2021.10.06"]
[SourceVersion "1"]
[SourceVersionDate "2021.10.06"]
[SourceQuality "1"]
[WhiteTeam "Unterhaching"]
[BlackTeam "Haunstetten TSV"]
[WhiteTeamCountry "GER"]
[BlackTeamCountry "GER"]

1. d4 Nf6 2. c4 e6 3. Nf3 b6 4. g3 Bb7 5. Bg2 Bb4+ 6. Bd2 Be7 7. 0-0 0-0 8. Nc3 d5 9. Ne5 c6 10. cxd5 cxd5 11. Qa4 Nfd7 12. Nxd7 Qxd7 13. Qxd7 Nxd7 14. Rfc1 Rac8 15. e3 Ba6 16. Bf1 Bxf1 17. Kxf1 a6 18. Ke2 Rc4 19. b3 Rcc8 20. a4 Nf6 21. f3 Rfd8 1/2-1/2

[Event "Landesliga Sued 1718"]
[Site "Bayern"]
[Date "2017.10.22"]
[Round "1.8"]
[White "Pawelzik, Malte"]
[Black "Broschwitz, Martin"]
[Result "1/2-1/2"]
[WhiteElo "2154"]
[BlackElo "2029"]
[PlyCount "64"]
[EventDate "2017.10.22"]
[EventType "team-tourn"]
[EventRounds "9"]
[EventCountry "GER"]
[SourceTitle "EXT 2022"]
[Source "ChessBase"]
[SourceDate "2021.10.06"]
[SourceVersion "1"]
[SourceVersionDate "2021.10.06"]
[SourceQuality "1"]
[WhiteTeam "Garching II"]
[BlackTeam "Unterhaching"]
[WhiteTeamCountry "GER"]
[BlackTeamCountry "GER"]

1. e4 c6 2. d4 d5 3. Nd2 dxe4 4. Nxe4 Bf5 5. Ng3 Bg6 6. h4 h6 7. Nf3 Nd7 8. h5 Bh7 9. Bd3 Bxd3 10. Qxd3 Qc7 11. Bd2 e6 12. 0-0-0 Ngf6 13. Ne4 Nxe4 14. Qxe4 0-0-0 15. g3 Be7 16. Kb1 c5 17. Ne5 Nxe5 18. dxe5 Rd4 19. Qf3 Rhd8 20. Bc3 Rxd1+ 21. Rxd1 Rxd1+ 22. Qxd1 Qc6 23. b3 c4 24. Kb2 cxb3 25. cxb3 Ba3+ 26. Kxa3 Qxc3 27. Qe2 Kb8 28. g4 a6 29. Qe4 Qc5+ 30. Qb4 Qxf2 31. Qf8+ Ka7 32. Qxg7 Qc5+ 1/2-1/2

[Event "Landesliga Sued 1314"]
[Site "Bayern"]
[Date "2014.02.09"]
[Round "6.7"]
[White "Knechtel, Roland"]
[Black "Broschwitz, Martin"]
[Result "1-0"]
[WhiteElo "2216"]
[BlackElo "2167"]
[PlyCount "79"]
[EventDate "2013.10.13"]
[EventType "team-tourn"]
[EventRounds "9"]
[EventCountry "GER"]
[SourceTitle "EXT 2015"]
[Source "ChessBase"]
[SourceDate "2014.11.20"]
[SourceVersion "1"]
[SourceVersionDate "2014.11.20"]
[SourceQuality "1"]
[WhiteTeam "Roehrnbach"]
[BlackTeam "Unterhaching"]
[WhiteTeamCountry "GER"]
[BlackTeamCountry "GER"]

1. d4 d5 2. c4 e6 3. Nc3 Nf6 4. Bg5 Be7 5. e3 0-0 6. Qc2 b6 7. cxd5 exd5 8. Bd3 Nbd7 9. Nf3 Bb7 10. 0-0 c5 11. Rfd1 Ne4 12. Bf4 f5 13. dxc5 Ndxc5 14. Nxd5 Nxd3 15. Qxd3 Qxd5 16. Qxd5+ Bxd5 17. Rxd5 Rad8 18. Rad1 g6 19. Rxd8 Rxd8 20. Rxd8+ Bxd8 21. Be5 Kf7 22. Kf1 Ke6 23. Ke2 Kd5 24. Bd4 Bc7 25. h3 a6 26. Ne1 b5 27. Nd3 Bd6 28. f3 Ng5 29. Bc3 Kc4 30. Bf6 Ne6 31. Kd2 a5 32. e4 fxe4 33. fxe4 a4 34. Ke3 Bc7 35. Ne5+ Kc5 36. Be7+ Kb6 37. Nd7+ Kc6 38. Nf8 Nf4 39. Kf3 h5 40. h4 1-0

[Event "Regionalliga SW 1011"]
[Site "Bayern"]
[Date "2011.02.27"]
[Round "7.6"]
[White "Fuchs, Christian1111"]
[Black "Broschwitz, Martin"]
[Result "1/2-1/2"]
[WhiteElo "1979"]
[BlackElo "2086"]
[PlyCount "54"]
[EventDate "2010.10.10"]
[EventType "team-tourn"]
[EventRounds "9"]
[EventCountry "GER"]
[SourceTitle "EXT 2012"]
[Source "ChessBase"]
[SourceDate "2011.11.24"]
[SourceVersion "1"]
[SourceVersionDate "2011.11.24"]
[SourceQuality "1"]
[WhiteTeam "Krumbach II"]
[BlackTeam "Unterhaching"]
[WhiteTeamCountry "GER"]
[BlackTeamCountry "GER"]

1. d4 d5 2. c4 e6 3. Nc3 Nf6 4. Nf3 Be7 5. Bf4 0-0 6. e3 b6 7. Rc1 c5 8. Ne5 Bb7 9. Be2 Nc6 10. 0-0 cxd4 11. Nxc6 Bxc6 12. Qxd4 dxc4 13. Qxc4 Qd7 14. Rfd1 Qb7 15. Bf1 Rac8 16. Qb3 Rfd8 17. Bg5 h6 18. Bh4 Nd5 19. Bxe7 Qxe7 20. a3 Qb7 21. h3 Ne7 22. Rxd8+ Rxd8 23. Rd1 Rxd1 24. Qxd1 Nd5 25. Nb5 Qd7 26. Qb3 Nf6 27. Nd4 Bd5 1/2-1/2

[Event "Regionalliga SW 0910"]
[Site "Bayern"]
[Date "2009.11.29"]
[Round "3.6"]
[White "Broschwitz, Martin"]
[Black "Winterkamp, Stefan"]
[Result "1/2-1/2"]
[WhiteElo "2099"]
[BlackElo "1957"]
[PlyCount "30"]
[EventDate "2009.10.18"]
[EventType "team-tourn"]
[EventRounds "9"]
[EventCountry "GER"]
[SourceTitle "EXT 2011"]
[Source "ChessBase"]
[SourceDate "2010.11.26"]
[SourceVersion "1"]
[SourceVersionDate "2010.11.26"]
[SourceQuality "1"]
[WhiteTeam "Unterhaching"]
[BlackTeam "Klosterlechfeld"]
[WhiteTeamCountry "GER"]
[BlackTeamCountry "GER"]

1. d4 Nf6 2. c4 e6 3. Nf3 b6 4. g3 Ba6 5. b3 Bb4+ 6. Bd2 Bxd2+ 7. Nbxd2 Bb7 8. Qc2 d5 9. Bg2 Nbd7 10. 0-0 0-0 11. Ne5 Nxe5 12. dxe5 Ng4 13. Qb2 f6 14. exf6 Qxf6 15. Qxf6 Nxf6 1/2-1/2

[Event "Regionalliga SW 0809"]
[Site "Bayern"]
[Date "2009.02.01"]
[Round "6.6"]
[White "Demel, Paul"]
[Black "Broschwitz, Martin"]
[Result "1-0"]
[WhiteElo "2053"]
[BlackElo "2086"]
[PlyCount "83"]
[EventDate "2008.10.05"]
[EventType "team-tourn"]
[EventRounds "9"]
[EventCountry "GER"]
[SourceTitle "EXT 2020"]
[Source "ChessBase"]
[SourceDate "2019.10.17"]
[SourceVersion "1"]
[SourceVersionDate "2019.10.17"]
[SourceQuality "1"]
[WhiteTeam "Kriegshaber"]
[BlackTeam "Unterhaching"]
[WhiteTeamCountry "GER"]
[BlackTeamCountry "GER"]

1. Nf3 Nf6 2. c4 g6 3. Nc3 Bg7 4. e4 d6 5. d4 0-0 6. Be2 e5 7. 0-0 Nc6 8. d5 Ne7 9. b4 a5 10. Ba3 b6 11. bxa5 Rxa5 12. Bb4 Ra8 13. a4 Ne8 14. a5 bxa5 15. Rxa5 Rxa5 16. Bxa5 f5 17. Nd2 Bh6 18. c5 Bxd2 19. Qxd2 fxe4 20. Nxe4 Bf5 21. Nxd6 Nxd6 22. cxd6 Qxd6 23. Bc4 Kg7 24. Re1 Rd8 25. Bc3 Nc6 26. Qf4 Qa3 27. Bxe5+ Nxe5 28. Qxe5+ Kh6 29. Qf4+ Kg7 30. Qxc7+ Rd7 31. Qe5+ Kh6 32. g4 Qb4 33. Qf4+ Kg7 34. Qd4+ Kh6 35. Re3 Qb1+ 36. Kg2 Bc2 37. g5+ Kxg5 38. Rg3+ Kh6 39. Rh3+ Kg5 40. Qh4+ Kf5 41. Rf3+ Ke5 42. Qf4# 1-0

[Event "Regionalliga SW 0708"]
[Site "Bayern"]
[Date "2008.01.20"]
[Round "5.5"]
[White "Broschwitz, Martin"]
[Black "Lux, Werner"]
[Result "1-0"]
[WhiteElo "2092"]
[BlackElo "1915"]
[PlyCount "73"]
[EventDate "2007.10.21"]
[EventType "team-tourn"]
[EventRounds "9"]
[EventCountry "GER"]
[SourceTitle "EXT 2009"]
[Source "ChessBase"]
[SourceDate "2008.11.26"]
[SourceVersion "1"]
[SourceVersionDate "2008.11.26"]
[SourceQuality "1"]
[WhiteTeam "Unterhaching"]
[BlackTeam "Tuerkheim"]
[WhiteTeamCountry "GER"]
[BlackTeamCountry "GER"]

1. d4 Nf6 2. Nf3 g6 3. c4 Bg7 4. Nc3 0-0 5. g3 d6 6. Bg2 c6 7. 0-0 Qc7 8. e4 e5 9. h3 Nbd7 10. Be3 Re8 11. Rc1 Nf8 12. Qc2 b6 13. Rfd1 Bb7 14. c5 dxc5 15. dxc5 b5 16. Rd6 Nh5 17. Rcd1 Bc8 18. a4 a6 19. Kh2 Ne6 20. b4 f6 21. Qa2 Rb8 22. axb5 axb5 23. h4 Bf8 24. R6d2 Kg7 25. Bh3 Rb7 26. Ra1 Kf7 27. Nd5 Qb8 28. Nb6 Nhg7 29. Bh6 Rbe7 30. Bxg7 Kxg7 31. Rd6 Qc7 32. Qa8 Bb7 33. Qa7 Rd8 34. Rxe6 Rxe6 35. Bxe6 Rd3 36. Kg2 f5 37. Bc8 1-0

[Event "Regionalliga SW 0708"]
[Site "Bayern"]
[Date "2007.12.09"]
[Round "4.4"]
[White "Broschwitz, Martin"]
[Black "Heinrich, Helmut1111"]
[Result "1/2-1/2"]
[WhiteElo "2092"]
[BlackElo "1996"]
[PlyCount "161"]
[EventDate "2007.10.21"]
[EventType "team-tourn"]
[EventRounds "9"]
[EventCountry "GER"]
[SourceTitle "EXT 2009"]
[Source "ChessBase"]
[SourceDate "2008.11.26"]
[SourceVersion "1"]
[SourceVersionDate "2008.11.26"]
[SourceQuality "1"]
[WhiteTeam "Unterhaching"]
[BlackTeam "Klosterlechfeld"]
[WhiteTeamCountry "GER"]
[BlackTeamCountry "GER"]

1. d4 Nf6 2. Nf3 e6 3. g3 b6 4. Bg2 Bb7 5. 0-0 Be7 6. c4 0-0 7. Nc3 Ne4 8. Qc2 Nxc3 9. Qxc3 f5 10. Ne5 Bxg2 11. Kxg2 Bf6 12. Qf3 c6 13. Rd1 Qe8 14. Qb3 Qh5 15. Qf3 Qe8 16. Qd3 Na6 17. Bd2 c5 18. Bc3 g6 19. Rac1 d6 20. Nf3 Rd8 21. Qc2 cxd4 22. Bxd4 e5 23. Bc3 Qc6 24. b3 Nc5 25. Kg1 Ne4 26. Qd3 Nxc3 27. Qxc3 g5 28. Qd2 g4 29. Ne1 Kg7 30. Qd5 Qxd5 31. Rxd5 Be7 32. e3 Kf6 33. Rcd1 Ke6 34. Nc2 Rc8 35. Nb4 Rfd8 36. R5d2 Bf8 37. Kg2 h5 38. Rh1 Bg7 39. h3 Rh8 40. hxg4 hxg4 41. Rxh8 Rxh8 42. a4 Bh6 43. Nd5 Rh7 44. Rd1 Bg5 45. Ra1 Bd8 46. Re1 Bg5 47. Rd1 Kd7 48. a5 bxa5 49. Ra1 Bd8 50. b4 Kc6 51. bxa5 Kc5 52. Ra4 Rb7 53. a6 Rb3 54. e4 fxe4 55. Ne3 Rc3 56. Ra1 Rb3 57. Rd1 Kc6 58. Nxg4 Bg5 59. Re1 Ra3 60. Rxe4 Rxa6 61. f4 Ra2+ 62. Kf3 exf4 63. gxf4 Bh4 64. f5 Ra1 65. Ne5+ dxe5 66. Rxh4 a5 67. Ke4 Re1+ 68. Kd3 a4 69. c5 a3 70. Ra4 Rf1 71. Ke2 Rxf5 72. Rxa3 Kxc5 73. Ke3 Rf4 74. Ra8 Rb4 75. Re8 Kd6 76. Rd8+ Ke7 77. Ra8 Rd4 78. Ra6 Rd6 79. Rxd6 Kxd6 80. Ke4 Ke6 81. Ke3 1/2-1/2

[Event "Regionalliga SW 0607"]
[Site "Bayern"]
[Date "2007.03.18"]
[Round "7.5"]
[White "Broschwitz, Martin"]
[Black "Schulz, Juergen1111"]
[Result "1/2-1/2"]
[WhiteElo "2106"]
[BlackElo "2065"]
[PlyCount "46"]
[EventDate "2006.10.15"]
[EventType "team-tourn"]
[EventRounds "9"]
[EventCountry "GER"]
[SourceTitle "EXT 2008"]
[Source "ChessBase"]
[SourceDate "2007.11.25"]
[SourceVersion "1"]
[SourceVersionDate "2007.11.25"]
[SourceQuality "1"]
[WhiteTeam "Unterhaching"]
[BlackTeam "Bayern Muenchen III"]
[WhiteTeamCountry "GER"]
[BlackTeamCountry "GER"]

1. d4 Nf6 2. Nf3 e6 3. c4 Bb4+ 4. Bd2 Be7 5. Nc3 d5 6. Bg5 Nbd7 7. e3 0-0 8. Bd3 b6 9. cxd5 exd5 10. 0-0 Bb7 11. Rc1 a6 12. Qc2 g6 13. Ne5 Nxe5 14. dxe5 Nd7 15. Bh6 Re8 16. e6 Ne5 17. exf7+ Nxf7 18. Bf4 Bf6 19. Rfd1 Bg7 20. b4 Rc8 21. Be2 c6 22. Bg4 Ra8 23. Ne2 h5 1/2-1/2

[Event "Regionalliga SW 0607"]
[Site "Bayern"]
[Date "2007.02.25"]
[Round "6.4"]
[White "Broschwitz, Martin"]
[Black "Heinrich, Helmut1111"]
[Result "1/2-1/2"]
[WhiteElo "2106"]
[BlackElo "1992"]
[PlyCount "104"]
[EventDate "2006.10.15"]
[EventType "team-tourn"]
[EventRounds "9"]
[EventCountry "GER"]
[SourceTitle "EXT 2008"]
[Source "ChessBase"]
[SourceDate "2007.11.25"]
[SourceVersion "1"]
[SourceVersionDate "2007.11.25"]
[SourceQuality "1"]
[WhiteTeam "Unterhaching"]
[BlackTeam "Klosterlechfeld"]
[WhiteTeamCountry "GER"]
[BlackTeamCountry "GER"]

1. d4 Nf6 2. Nf3 e6 3. Bf4 b6 4. e3 Bb7 5. Bd3 Be7 6. c4 Ne4 7. Nc3 Nxc3 8. bxc3 f5 9. Qe2 0-0 10. h4 Ba3 11. Rb1 Nc6 12. c5 Na5 13. Qc2 Bc6 14. Ne5 bxc5 15. Nxc6 Nxc6 16. Qa4 c4 17. Bxc4 Be7 18. Bxe6+ Kh8 19. Bd5 Bxh4 20. Bxc6 dxc6 21. Qxc6 Qe7 22. Qxc7 Qe4 23. Qb7 Bf6 24. Qxe4 fxe4 25. c4 Bxd4 26. exd4 Rxf4 27. 0-0 Raf8 28. c5 Kg8 29. Rbe1 Rd8 30. Rd1 Rf5 31. Rfe1 Rfd5 32. Rxe4 Rxc5 33. Re7 Ra5 34. Rb1 a6 35. Rbb7 Rg5 36. d5 h5 37. f4 Rg4 38. Re5 h4 39. Kh2 Rxf4 40. Ra7 Rd6 41. Rg5 Rf7 42. Ra8+ Rf8 43. Rxf8+ Kxf8 44. Kh3 Kf7 45. Kxh4 g6 46. Re5 Rf6 47. Kg3 Rb6 48. Re2 Rb4 49. Rd2 Ke7 50. Re2+ Kf7 51. Rd2 Ke7 52. Re2+ Kf7 1/2-1/2

[Event "Regionalliga SW 0607"]
[Site "Bayern"]
[Date "2006.10.15"]
[Round "1.6"]
[White "Broschwitz, Martin"]
[Black "Billing, Christian"]
[Result "0-1"]
[WhiteElo "2106"]
[BlackElo "2048"]
[PlyCount "74"]
[EventDate "2006.10.15"]
[EventType "team-tourn"]
[EventRounds "9"]
[EventCountry "GER"]
[SourceTitle "EXT 2008"]
[Source "ChessBase"]
[SourceDate "2007.11.25"]
[SourceVersion "1"]
[SourceVersionDate "2007.11.25"]
[SourceQuality "1"]
[WhiteTeam "Unterhaching"]
[BlackTeam "Dillingen"]
[WhiteTeamCountry "GER"]
[BlackTeamCountry "GER"]

1. d4 d5 2. Nf3 Nf6 3. c4 e6 4. Bg5 Nbd7 5. Nc3 Be7 6. e3 0-0 7. Be2 h6 8. Bh4 Ne4 9. Bxe7 Qxe7 10. cxd5 Nxc3 11. bxc3 exd5 12. 0-0 Nf6 13. c4 Be6 14. Qb3 c6 15. Rfb1 Rab8 16. Ne5 Nd7 17. Nxd7 Qxd7 18. a4 dxc4 19. Bxc4 Bxc4 20. Qxc4 Rfd8 21. Ra3 Qd5 22. Qxd5 Rxd5 23. Rc3 Ra5 24. Rb4 Ra6 25. Kf1 b5 26. d5 cxd5 27. axb5 Rab6 28. Ra4 Rxb5 29. Rxa7 Rb1+ 30. Ke2 R8b2+ 31. Kf3 Rf1 32. g3 Rbxf2+ 33. Kg4 Rxh2 34. Rc8+ Kh7 35. Rf8 h5+ 36. Kg5 f6+ 37. Rxf6 Rxf6 0-1

[Event "Staufer op 14th"]
[Site "Schwaebisch Gmuend"]
[Date "2002.??.??"]
[Round "5"]
[White "Broschwitz, Martin"]
[Black "Schnepp, Gunnar"]
[Result "0-1"]
[WhiteElo "2158"]
[BlackElo "2319"]
[PlyCount "116"]
[EventDate "2002.02.??"]
[EventType "swiss"]
[EventRounds "9"]
[EventCountry "GER"]
[SourceTitle "EXT 2003"]
[Source "ChessBase"]
[SourceDate "2002.11.25"]
[SourceVersion "1"]
[SourceVersionDate "2002.11.25"]
[SourceQuality "1"]

1. d4 e6 2. Nf3 c5 3. c4 cxd4 4. Nxd4 d6 5. Nc3 a6 6. e4 Bd7 7. Be2 Nc6 8. Be3 Rc8 9. Rc1 Nf6 10. 0-0 Be7 11. b3 0-0 12. Qd2 Qc7 13. f4 Qb8 14. f5 Nxd4 15. Bxd4 b5 16. Bd3 Bc6 17. Qe2 b4 18. Nb1 exf5 19. Rxf5 Nd7 20. Nd2 Ne5 21. Rff1 Bf6 22. Be3 Rfe8 23. Bc2 Re6 24. Nf3 Ng4 25. Bg5 Bc3 26. h3 Nf6 27. Bxf6 Bxf6 28. e5 Bxe5 29. Nxe5 Rxe5 30. Qd3 g6 31. Rce1 Rce8 32. Rxe5 Qa7+ 33. Kh2 dxe5 34. Qd6 Qb7 35. Rf2 e4 36. h4 e3 37. Re2 Bxg2 38. Rxe3 Rxe3 39. Qd8+ Kg7 40. Qd4+ f6 41. Qxe3 Bh1 42. Qe2 Bf3 43. Qe3 Qc7+ 44. Kh3 Qd7+ 45. Kh2 Qg4 46. Qf2 Qf4+ 47. Kg1 Qc1+ 48. Kh2 Bc6 49. Bd3 f5 50. Bf1 f4 51. Qe2 Kf6 52. Bg2 f3 53. Bxf3 Qf4+ 54. Kg2 Qg4+ 55. Kf2 Qxh4+ 56. Ke3 Qg3 57. Kd4 Qxf3 58. Qe5+ Kf7 0-1